Serie A players 2012/13 - Statistics

General Stats
  • This quiz has been taken 2 times
  • The average score is 105 of 583
Answer Stats
Rank Player Positions Nationality Matches Goals Assists Clubs % Correct
78 Gianluigi Buffon GK 32 0 0
100%
100 Mauro Icardi FW 31 10 2
100%
213 Yuto Nagatomo DF 25 0 3
100%
194 Abdoulay Konko DF, MF 25 1 3
50%
345 Abel Hernández FW 14 1 1
50%
464 Albano Bizzarri GK 5 0 0
50%
9 Alberto Gilardino FW 36 13 3
50%
88 Albin Ekdal MF 31 1 1
50%
180 Aleandro Rosi DF, MF 26 3 0
50%
32 Alessandro Diamanti MF, FW 34 7 9
50%
10 Alessandro Florenzi DF, FW 36 3 4
50%
33 Alessandro Gazzi MF 34 2 0
50%
245 Alessandro Matri FW 22 8 0
50%
89 Alessandro Rosina MF 31 5 4
50%
19 Alessio Cerci MF, FW 35 8 9
50%
518 Alessio Romagnoli DF 2 1 0
50%
497 Alfred Duncan MF 3 0 0
50%
34 Álvaro González MF 34 1 2
50%
143 Álvaro Pereira DF, MF 28 1 4
50%
540 Anđelko Savić FW 1 0 0
50%
35 Andrea Barzagli DF 34 0 1
50%
20 Andrea Consigli GK 35 0 0
50%
214 Andrea Cossu MF 24 0 8
50%
305 Andrea Dossena DF, MF 18 0 2
50%
541 Andrea Mancini FW 1 0 0
50%
447 Andrea Mantovani DF 6 0 0
50%
90 Andrea Poli MF 31 3 0
50%
71 Andrea Ranocchia DF 32 2 1
50%
21 Andreas Granqvist DF, MF 35 1 1
50%
22 Antonio Candreva DF, MF, FW 35 6 5
50%
145 Antonio Cassano FW 28 7 8
50%
51 Antonio Di Natale FW 33 23 4
50%
52 Antonio Mirante GK 33 0 0
50%
91 Arturo Vidal MF 31 10 7
50%
217 Birkir Bjarnason MF, FW 24 2 0
50%
36 Blerim Džemaili MF 34 7 2
50%
3 Borja Valero MF 37 1 12
50%
247 Boštjan Cesar DF 22 0 0
50%
272 Carlos Carmona MF 20 2 2
50%
356 Cesare Bovo DF 13 0 0
50%
92 Christian Maggio DF, MF 31 4 5
50%
53 Ciro Immobile FW 33 5 3
50%
12 Cristian Ledesma MF 36 1 1
50%
229 Cristián Zapata DF 23 0 1
50%
4 Cyril Théréau FW 37 11 4
50%
358 Daniele Bonera DF 13 0 0
50%
128 Daniele Conti MF 29 3 2
50%
197 Daniele De Rossi DF, MF 25 0 5
50%
54 Daniele Gastaldello DF 33 1 1
50%
162 Danilo D'Ambrosio DF 27 2 3
50%
37 Dario Dainelli DF 34 0 0
50%
74 Davide Astori DF 32 0 0
50%
129 David Pizarro MF 29 3 2
50%
501 Dejan Stanković MF 3 0 0
50%
277 Diego Milito FW 20 9 2
50%
418 Djamel Mesbah DF, MF 8 0 0
50%
109 Éder MF, FW 30 7 4
50%
38 Edinson Cavani MF, FW 34 29 3
50%
219 Emanuele Calaiò FW 24 4 3
50%
314 Emanuele Giaccherini MF, FW 17 3 3
50%
75 Emiliano Viviano GK 32 0 0
50%
57 Esteban Cambiasso MF 33 3 5
50%
164 Fabio Quagliarella FW 27 9 4
50%
220 Facundo Roncaglia DF 24 3 0
50%
520 Federico Fernández DF 2 0 0
50%
58 Federico Marchetti GK 33 0 0
50%
59 Francesco Lodi MF 33 6 8
50%
40 Francesco Totti MF, FW 34 12 12
50%
232 Franco Brienza MF, FW 23 1 5
50%
77 Fredy Guarín MF 32 4 3
50%
339 Gaetano D'Agostino MF 15 2 2
50%
13 Germán Denis FW 36 15 4
50%
24 Giacomo Bonaventura MF, FW 35 7 2
50%
317 Giandomenico Mesto DF, MF 17 1 1
50%
1 Gianluca Pegolo GK 38 0 0
50%
150 Gianluca Sansone FW 28 3 2
50%
382 Gianpaolo Bellini DF 11 0 0
50%
222 Giorgio Chiellini DF 24 1 2
50%
184 Giuseppe Bellusci DF 26 0 0
50%
309 Giuseppe De Luca FW 18 2 0
50%
204 Giuseppe Vives MF 25 0 0
50%
95 Gökhan Inler MF 31 6 2
50%
79 Gonzalo Bergessio FW 32 13 5
50%
60 Goran Pandev MF, FW 33 6 7
50%
167 György Garics DF, MF 27 0 3
50%
151 Hugo Campagnaro DF 28 1 1
50%
560 Ignacio Fideleff DF 1 0 0
50%
61 Ishak Belfodil MF, FW 33 8 4
50%
132 Jaime Valdés MF, FW 29 4 2
50%
96 Jasmin Kurtić MF, FW 31 0 1
50%
5 Jean-François Gillet GK 37 0 0
50%
526 Joel Obi DF, MF 2 0 0
50%
63 Jonathan Biabiany MF, FW 33 2 5
50%
97 Josip Iličić MF, FW 31 10 2
50%
14 Juan Cuadrado DF, MF, FW 36 5 7
50%
98 Juan Jesus DF 31 1 1
50%
319 Juan Quintero MF, FW 17 1 2
50%
81 Juan Zúñiga DF, MF 32 0 4
50%
64 Juraj Kucka MF, FW 33 3 3
50%
82 Kamil Glik DF, MF 32 1 1
50%
206 Kévin Constant DF, MF 25 0 1
50%
170 Kwadwo Asamoah DF, MF 27 2 6
50%
65 Leonardo Bonucci DF 33 0 0
50%
296 Libor Kozák FW 19 0 0
50%
223 Lorenzo De Silvestri DF, MF 24 2 0
50%
6 Lorenzo Insigne MF, FW 37 5 7
50%
66 Luca Antonelli DF, MF 33 1 5
50%
452 Luca Antonini DF, MF 6 0 0
50%
171 Luca Cigarini MF 27 2 5
50%
152 Luca Rossettini DF 28 0 0
50%
15 Lucas Castro MF 36 4 6
50%
172 Luca Toni FW 27 8 3
50%
225 Luciano MF 24 1 4
50%
279 Luís Neto DF 20 1 0
50%
297 Maarten Stekelenburg GK 19 0 0
50%
115 Manolo Gabbiadini MF, FW 30 6 2
50%
453 Marco Benassi MF, FW 6 0 0
50%
155 Marco Borriello FW 28 12 1
50%
16 Marco Parolo MF 36 3 2
50%
454 Marco Storari GK 6 0 0
50%
2 Marek Hamšík MF 38 11 14
50%
43 Mariano Andújar GK 34 0 0
50%
27 Mariano Julio Izco MF 35 1 4
50%
360 Mario Balotelli FW 13 12 0
50%
321 Marko Livaja MF, FW 17 2 1
50%
157 Massimo Donati MF 28 0 1
50%
44 Massimo Gobbi DF, MF 34 1 1
50%
361 Mateo Kovačić MF 13 0 1
50%
255 Matías Fernández MF 22 1 2
50%
407 Matías Silvestre DF 9 0 0
50%
237 Matteo Brighi MF 23 2 1
50%
362 Matteo Contini DF 13 0 0
50%
117 Matteo Darmian DF, MF 30 0 2
50%
262 Mattia Destro MF, FW 21 6 1
50%
134 Mattia Perin GK 29 0 0
50%
340 Matuzalém MF 15 1 2
50%
389 Mauricio Isla DF, MF 11 0 1
50%
238 Mauricio Pinilla FW 23 7 1
50%
572 Mauro Zárate MF, FW 1 0 0
50%
322 Maxi López FW 17 4 2
50%
135 Maximiliano Moralez MF, FW 29 1 1
50%
301 Medhi Benatia DF 19 2 1
50%
119 Michael Bradley DF, MF 30 1 2
50%
342 Michele Pazienza MF 15 0 1
50%
120 Michel Morganella DF, MF 30 0 3
50%
284 Migjen Basha MF 20 1 0
50%
256 Miguel Britos DF 22 0 0
50%
102 Mirko Vučinić FW 31 10 8
50%
136 Miroslav Klose FW 29 15 1
50%
45 Morgan De Sanctis GK 34 0 0
50%
240 Nenê FW 23 3 3
50%
456 Neto GK 6 0 0
50%
176 Nicola Legrottaglie DF 27 3 0
50%
190 Nicola Sansone MF, FW 26 6 2
50%
210 Nicolás Burdisso DF 25 1 0
50%
263 Nicolas Frey DF 21 0 1
50%
459 Nicolás López MF, FW 6 1 0
50%
371 Nigel de Jong MF 12 1 0
50%
343 Ogenyi Onazi MF 15 1 0
50%
177 Pablo Álvarez DF 27 0 0
50%
211 Pablo Armero DF, MF 25 0 4
50%
103 Pablo Barrientos MF 31 5 5
50%
104 Panagiotis Kone MF 31 6 1
50%
264 Panagiotis Tachtsidis MF 21 1 2
50%
83 Paolo Cannavaro DF 32 1 1
50%
17 Papu Gómez MF, FW 36 8 7
50%
179 Paulo Dybala MF, FW 27 3 0
50%
178 Paul Pogba MF, FW 27 5 0
50%
46 Pedro Obiang MF 34 1 5
50%
121 Përparim Hetemaj MF 30 0 2
50%
241 Ricky Álvarez MF 23 5 1
50%
578 Roberto Insigne MF, FW 1 0 0
50%
7 Roberto Pereyra DF, MF, FW 37 5 1
50%
226 Roberto Soriano MF 24 0 2
50%
191 Rodrigo Palacio MF, FW 26 12 5
50%
266 Salvatore Aronica DF 21 0 2
50%
29 Samir Handanović GK 35 0 0
50%
304 Samir Ujkani GK 19 0 0
50%
48 Saphir Taïder MF 34 3 2
50%
106 Sebastian Giovinco MF, FW 31 7 6
50%
18 Sébastien Frey GK 36 0 0
50%
67 Senad Lulić DF, MF, FW 33 1 6
50%
228 Sergio Pellissier FW 24 5 0
50%
87 Sergio Romero GK 32 0 0
50%
287 Simone Padoin DF, MF 20 0 0
50%
581 Simone Pepe MF, FW 1 0 0
50%
445 Simone Romagnoli DF 7 0 0
50%
267 Stefano Lucchini DF 21 0 1
50%
193 Stefano Mauri MF, FW 26 3 5
50%
30 Stefano Sorrentino GK 35 0 0
50%
244 Ștefan Radu DF 23 1 0
50%
192 Stefan Savić DF, MF 26 2 0
50%
8 Stephan El Shaarawy DF, MF, FW 37 16 5
50%
158 Stephan Lichtsteiner DF, MF 28 4 2
50%
107 Stevan Jovetić MF, FW 31 13 5
50%
344 Sulley Muntari MF 15 1 0
50%
477 Takayuki Morimoto MF, FW 5 0 0
50%
514 Tommaso Berni GK 3 0 0
50%
68 Valon Behrami DF, MF 33 0 0
50%
325 Valter Birsa MF, FW 17 2 4
50%
390 Vasilis Torosidis DF, MF 11 1 0
50%
49 Víctor Ibarbo MF, FW 34 6 1
50%
259 Vladimír Weiss MF, FW 22 4 4
50%
159 Walter Gargano MF 28 0 2
50%
333 Walter Samuel DF 16 1 0
50%
268 Yohan Benalouane DF 21 1 0
50%
365 Zdravko Kuzmanović MF 13 0 1
50%
515 Abou Diop FW 2 0 0
0%
141 Adem Ljajić MF, FW 28 11 6
0%
402 Adrián Calello MF 9 0 0
0%
414 Adrián Ricchiuti MF 8 0 0
0%
269 Adrian Stoian MF, FW 20 3 1
0%
355 Afriyie Acquah MF 13 0 0
0%
516 Ahmed Hegazi DF 2 0 0
0%
195 Alberto Aquilani MF 25 7 6
0%
538 Alberto Cerri FW 1 0 0
0%
481 Alberto Frison GK 4 0 0
0%
270 Alberto Paloschi FW 20 7 0
0%
446 Alejandro Faurlín MF 6 0 0
0%
334 Alen Stevanović MF, FW 15 2 1
0%
196 Alessandro Gamberini DF 25 1 0
0%
69 Alessandro Lucarelli DF 32 1 0
0%
517 Alessandro Potenza DF 2 0 0
0%
374 Alessandro Sgrigna MF, FW 11 1 2
0%
142 Alessio Sestu MF 28 1 4
0%
375 Alexander Merkel MF 11 1 0
0%
482 Alexandre Pato MF, FW 4 0 1
0%
539 Alexandros Tzorvas GK 1 0 0
0%
376 Alexis Rolín DF 11 0 0
0%
519 Ali Sowe FW 2 0 0
0%
11 Allan DF, MF 36 0 6
0%
465 Álvaro Ampuero DF, MF 5 0 0
0%
50 Amauri FW 33 10 4
0%
391 Amidu Salifu MF 10 0 0
0%
124 Andrea Bertolacci MF 29 4 5
0%
290 Andrea Coda DF 19 0 0
0%
161 Andrea Costa DF, MF 27 1 0
0%
215 Andrea Lazzari MF 24 1 4
0%
70 Andrea Pirlo MF 32 5 7
0%
160 André Dias DF 27 0 0
0%
144 Ângelo DF, MF 28 1 3
0%
483 Angelo da Costa Júnior GK 4 0 0
0%
246 Angelo Ogbonna DF 22 0 0
0%
335 Angelo Palombo MF 15 0 0
0%
392 Anselmo de Moraes MF 10 1 0
0%
291 Ante Vukušić DF, FW 19 1 0
0%
181 Antonio Balzano DF 26 0 0
0%
216 Antonio Bocchetti DF 24 0 0
0%
542 Antonio Donnarumma GK 1 0 0
0%
377 Antonio Floro Flores FW 11 2 0
0%
182 Antonio Nocerino MF 26 2 1
0%
543 Antonio Palma MF 1 0 0
0%
484 Antonio Rosati GK 4 0 0
0%
72 Archimede Morleo DF 32 0 2
0%
433 Bakaye Traoré MF 7 0 0
0%
544 Błażej Augustyn DF 1 0 0
0%
466 Bogdan Lobonț GK 5 0 0
0%
271 Bojan Jokić DF, MF 20 0 1
0%
292 Bojan Krkić MF, FW 19 3 2
0%
293 Boško Janković MF 19 4 1
0%
248 Boukary Dramé DF, MF 22 1 2
0%
415 Bruno Pereirinha DF, MF 8 0 0
0%
545 Bruno Petković MF, FW 1 0 0
0%
546 Carlos Labrín DF 1 0 0
0%
485 Carlos Matheu DF 4 0 0
0%
498 Cephas Malele FW 3 0 0
0%
467 Cesare Natali DF 5 0 0
0%
146 Christian Abbiati GK 28 0 0
0%
313 Christian Puggioni GK 17 0 0
0%
273 Christian Terlizzi DF 20 2 0
0%
346 Ciro Capuano DF 14 0 0
0%
486 Ciro Polito GK 4 0 0
0%
125 Claudio Marchisio MF 29 6 2
0%
416 Claudio Terzi DF 8 1 0
0%
547 Cristian Battocchio MF 1 0 0
0%
417 Cristian Brocchi MF 8 0 0
0%
393 Cristian Chivu DF 10 1 1
0%
468 Cristian Llama MF 5 0 0
0%
126 Cristiano Del Grosso DF 29 1 1
0%
548 Cristiano Lupatelli GK 1 0 0
0%
336 Cristian Pasquato MF, FW 15 2 0
0%
183 Cristian Raimondi DF, MF 26 1 3
0%
326 Cristian Zaccardo DF 16 1 1
0%
357 Cristóbal Jorquera MF, FW 13 0 3
0%
487 Damiano Ferronetti DF, MF 4 0 0
0%
230 Damiano Zanon DF 23 0 2
0%
549 Daniele Capelli DF 1 0 0
0%
93 Daniele Dessena MF 31 3 1
0%
366 Daniele Galloppa MF 12 1 1
0%
434 Daniele Mannini MF 7 0 0
0%
403 Daniele Padelli GK 9 0 0
0%
499 Daniele Paponi FW 3 0 0
0%
274 Daniele Portanova DF 20 2 0
0%
249 Dániel Tőzsér MF 22 0 1
0%
275 Danilo Avelar DF, MF 20 0 3
0%
73 Danilo Larangeira DF 32 2 1
0%
550 Danilo Soddimo MF, FW 1 0 0
0%
127 Dani Osvaldo FW 29 16 2
0%
500 Dario Del Fabro DF 3 0 0
0%
378 David Di Michele FW 11 1 1
0%
218 Davide Biondini MF 24 0 1
0%
276 Davide Brivio DF 20 0 0
0%
379 Davide Faraoni DF, MF 11 0 0
0%
327 Davide Moscardelli FW 16 1 0
0%
551 David Mbodj Mbaye DF 1 0 0
0%
488 Dejan Stojanović GK 4 0 0
0%
337 Diego Fabbrini MF, FW 15 1 1
0%
231 Diego Pérez MF 23 0 2
0%
552 Diego Rodríguez MF 1 0 0
0%
380 Dodô DF 11 0 0
0%
553 Dolly Menga FW 1 0 0
0%
367 Dorlan Pabón MF, FW 12 0 0
0%
147 Dušan Basta DF, MF 28 1 3
0%
338 Ederson MF 15 1 0
0%
110 Édgar Barreto MF 30 0 0
0%
489 Edgar Çani FW 4 0 0
0%
404 Eduardo Vargas MF, FW 9 0 1
0%
163 Egidio Arévalo MF 27 2 2
0%
198 Elvis Abbruscato FW 25 2 0
0%
55 Emiliano Moretti DF 33 0 0
0%
199 Emmanuel Agyemang-Badu MF 25 0 1
0%
111 Emmanuel Cascione MF 30 2 0
0%
502 Enis Nadarević MF 3 0 0
0%
328 Enzo Maresca MF 16 3 1
0%
503 Eran Zahavi MF, FW 3 0 0
0%
56 Érik Lamela MF, FW 33 15 4
0%
306 Erjon Bogdani FW 18 2 0
0%
260 Eros Pisano DF 21 1 0
0%
315 Eugênio Rômulo Togni MF 17 2 1
0%
76 Ezequiel Muñoz DF 32 0 1
0%
148 Ezequiel Schelotto DF, MF 28 1 1
0%
419 Fabiano Santacroce DF 8 0 0
0%
504 Fabio Sciacca MF 3 0 0
0%
554 Fabrizio Grillo DF, MF 1 1 0
0%
130 Fabrizio Miccoli FW 29 8 7
0%
347 Facundo Parra FW 14 0 0
0%
250 Federico Agliardi GK 22 0 0
0%
165 Federico Balzaretti DF 27 0 2
0%
381 Federico Casarini MF 11 1 0
0%
435 Federico Di Francesco DF, MF, FW 7 0 0
0%
200 Federico Peluso DF 25 1 1
0%
39 Felipe dal Belo DF 34 0 0
0%
251 Felipe Seymour MF 22 0 1
0%
555 Ferdinando Coppola GK 1 0 0
0%
394 Ferdinando Sforzini FW 10 0 0
0%
368 Fernando Tissone MF 12 0 2
0%
521 Filippo Boniperti MF 2 0 0
0%
359 Francesco Acerbi DF 13 0 0
0%
469 Francesco Benussi GK 5 0 0
0%
201 Francesco Bolzoni MF 25 0 0
0%
316 Francesco Della Rocca MF 17 0 1
0%
556 Francesco Forte FW 1 0 0
0%
294 Francesco Modesto DF, MF 19 0 0
0%
149 Francesco Pisano DF 28 1 1
0%
252 Francesco Valiani MF 22 2 4
0%
202 Frederik Sørensen DF 25 1 1
0%
348 Gabriele Angella DF 14 4 0
0%
329 Gabriele Perico DF 16 0 0
0%
557 Gabriel Hauche MF, FW 1 0 0
0%
23 Gabriel Paletta DF 35 1 1
0%
307 Gabriel Silva DF, MF 18 1 3
0%
405 Gaby Mudingayi MF 9 0 0
0%
261 Gaetano Berardi DF 21 0 1
0%
233 Gennaro Sardo DF 23 0 0
0%
448 Giammario Piscitella FW 6 0 0
0%
112 Giampaolo Pazzini FW 30 15 3
0%
295 Giampiero Pinzi MF 19 3 2
0%
221 Gianluca Caprari MF, FW 24 2 0
0%
349 Gianluca Curci GK 14 0 0
0%
522 Gianluca Grava DF 2 0 0
0%
449 Gianluca Musacci MF 6 0 1
0%
166 Gianni Munari MF 27 3 0
0%
523 Giovanbattista Catalano MF 2 0 0
0%
113 Giovanni Marchese DF 30 2 2
0%
308 Giovanni Pasquale DF 18 1 1
0%
203 Giulio Migliaccio DF, MF 25 1 0
0%
505 Giulio Sanseverino MF 3 0 0
0%
94 Giuseppe Biava DF 31 1 1
0%
383 Giuseppe Colucci MF 11 0 2
0%
384 Giuseppe Rizzo MF 11 0 0
0%
558 Giuseppe Rossi MF, FW 1 0 0
0%
395 Giuseppe Sculli MF, FW 10 1 1
0%
25 Gonzalo Rodríguez DF 35 6 2
0%
559 Graziano Pellè FW 1 0 0
0%
80 Guglielmo Stendardo DF 32 2 1
0%
524 Guido Marilungo FW 2 0 0
0%
253 Guillermo Daniel Rodríguez DF 22 0 0
0%
436 Haris Seferović FW 7 0 0
0%
525 Henry Giménez MF, FW 2 0 0
0%
41 Hernanes MF 34 11 4
0%
168 Ignazio Abate DF, MF 27 0 2
0%
420 Igor Budan FW 8 1 0
0%
318 Innocent Emeghara FW 17 7 0
0%
169 Isaac Cofie MF 27 2 0
0%
385 Ivan Pelizzoli GK 11 0 0
0%
131 Iván Piris DF 29 0 3
0%
330 Ivan Radovanović DF, MF 16 0 0
0%
450 James Troisi MF, FW 6 0 0
0%
62 Javier Zanetti DF, MF 33 0 2
0%
506 Joaquín Larrivey FW 3 0 0
0%
421 Jonathan Moreira DF 8 0 1
0%
205 Jonathan Rossini DF 25 0 1
0%
234 Jonathas FW 23 3 0
0%
406 Jorge Teixeira DF 9 0 0
0%
527 Juan Antonio MF, FW 2 0 0
0%
278 Juan Manuel Vargas DF, MF 20 0 2
0%
561 Juan Pablo Carrizo GK 1 0 0
0%
386 Kamil Vacek MF 11 0 0
0%
490 Keko MF, FW 4 1 0
0%
133 Kevin-Prince Boateng MF, FW 29 2 4
0%
369 Lazaros Christodoulopoulos MF, FW 12 1 0
0%
114 Leandro Castán DF 30 1 0
0%
528 Leonardo Melazzi FW 2 0 0
0%
562 Linus Hallenius FW 1 0 0
0%
387 Lionel Scaloni DF, MF 11 0 0
0%
320 Lorenzo Ariaudo DF 17 0 0
0%
563 Lorenzo Squizzi GK 1 0 0
0%
224 Lorik Cana DF, MF 24 0 0
0%
451 Louis Saha FW 6 0 0
0%
529 Luca Castellazzi GK 2 0 0
0%
564 Luca Crecco DF, MF 1 0 0
0%
507 Luca Garritano DF, MF, FW 3 0 0
0%
396 Luca Marrone DF, MF 10 0 0
0%
99 Luca Rigoni MF 31 1 3
0%
422 Luciano Zauri DF 8 0 0
0%
565 Lúcio DF 1 0 0
0%
207 Luigi Giorgi MF 25 4 0
0%
254 Luis Muriel MF, FW 22 11 3
0%
350 Luis Pedro Cavanda DF, MF 14 0 0
0%
508 Luka Krajnc DF 3 0 0
0%
566 Lukas Spendlhofer DF 1 0 0
0%
280 Maicosuel MF 20 2 2
0%
423 Mamadou Samassa FW 8 0 0
0%
530 Manuel Coppola MF 2 0 0
0%
370 Manuele Blasi MF 12 0 0
0%
26 Manuel Pasqual DF, MF 35 2 7
0%
42 Marcelo Estigarribia DF, MF 34 2 3
0%
397 Marcelo Larrondo FW 10 2 0
0%
388 Marco Amelia GK 11 0 0
0%
153 Marco Andreolli DF 28 2 0
0%
154 Marco Biagianti MF 28 0 0
0%
185 Marco Capuano DF 26 0 0
0%
491 Marco Donadel MF 4 0 0
0%
567 Marco Iannascoli MF 1 0 0
0%
156 Marco Marchionni MF 28 1 2
0%
298 Marco Motta DF 19 1 0
0%
235 Marco Rigoni MF 23 2 3
0%
351 Marco Rossi MF 14 0 0
0%
116 Marco Sau MF, FW 30 12 1
0%
531 Marco Vittiglio 0 2 2 0
0%
455 Mario Paglialunga MF 6 1 0
0%
299 Mario Sampirisi DF, MF 19 0 0
0%
173 Mario Santana MF 27 4 2
0%
352 Mario Yepes DF 14 0 0
0%
509 Marius Stankevičius DF, MF 3 0 0
0%
568 Marko Bakić MF 1 0 0
0%
186 Marquinho DF, MF 26 4 0
0%
187 Marquinhos DF, MF 26 0 0
0%
310 Martín Cáceres DF 18 1 0
0%
569 Martí Riverola MF 1 0 0
0%
437 Marvin Compper DF 7 0 0
0%
281 Massimo Ambrosini MF 20 0 1
0%
236 Massimo Paci DF 23 2 0
0%
398 Mathías Abero DF, MF 10 0 1
0%
282 Mathias Ranégie FW 20 1 0
0%
311 Mathieu Flamini MF 18 4 1
0%
438 Matías Cabrera MF 7 0 2
0%
470 Matías Campos DF, MF 5 0 0
0%
570 Matías Rodríguez DF, MF 1 0 0
0%
571 Matija Nastasić DF 1 0 0
0%
208 Matteo Rubin DF, MF 25 0 4
0%
510 Matteo Scozzarella MF 3 0 0
0%
363 Mattia Cassani DF 13 0 0
0%
174 Mattia De Sciglio DF, MF 27 0 2
0%
300 Matti Lund Nielsen MF 19 0 2
0%
118 Maurizio Domizzi DF 30 2 2
0%
424 Mauro Boselli FW 8 0 0
0%
511 Mauro Cetto DF 3 0 0
0%
425 Mauro Formica MF 8 1 1
0%
341 Mauro Goicoechea GK 15 0 0
0%
283 M'Baye Niang MF, FW 20 0 1
0%
512 McDonald Mariga MF 3 0 0
0%
239 Mervan Çelik MF, FW 23 4 0
0%
28 Michael Agazzi GK 35 0 0
0%
312 Michaël Ciani DF 18 0 1
0%
188 Michele Canini DF 26 0 0
0%
408 Michele Ferri DF 9 0 0
0%
399 Michele Paolucci MF, FW 10 2 0
0%
101 Mikael Antonsson DF 31 0 0
0%
492 Milton Caraglio FW 4 0 0
0%
175 Miralem Pjanić MF 27 3 6
0%
573 Mirco Antenucci FW 1 0 0
0%
471 Mohamed Sissoko MF 5 0 0
0%
302 Mounir El Hamdaoui MF, FW 19 3 1
0%
472 Naldo DF 5 0 0
0%
574 N'Diaye Djiby MF 1 0 0
0%
426 Nélson Marcos DF 8 1 0
0%
209 Nenad Krstičić MF 25 1 2
0%
189 Nenad Tomović DF 26 0 1
0%
409 Nicklas Bendtner FW 9 0 0
0%
439 Nicola Belmonte DF 7 0 0
0%
364 Nicola Murru DF 13 0 0
0%
458 Nicola Pavarini GK 6 0 0
0%
410 Nicola Pozzi FW 9 1 0
0%
532 Nicolas Anelka FW 2 0 0
0%
440 Nicolás Bertolo MF 7 0 0
0%
400 Nicolás Bianchi Arce DF 10 0 0
0%
137 Nicolás Spolli DF 29 2 1
0%
460 Nicolas Viola MF, FW 6 0 0
0%
138 Nicolò Cherubin DF 29 1 1
0%
457 Nico Pulzetti MF 6 0 0
0%
533 Nikos Spyropoulos DF 2 0 0
0%
441 Omar El Kaddouri MF 7 0 1
0%
534 Pablo Cáceres DF 2 0 0
0%
575 Pablo Ceppelini MF 1 0 0
0%
442 Paolo Castellini DF 7 0 0
0%
353 Paolo De Ceglie DF 14 0 0
0%
535 Paolo Dellafiore DF 2 0 0
0%
285 Paulo Vitor Barreto FW 20 3 2
0%
427 Paul Papp DF 8 1 0
0%
576 Pavol Bajza GK 1 0 0
0%
493 Pavol Farkaš DF 4 0 0
0%
473 Per Krøldrup DF 5 0 0
0%
401 Philippe Coutinho MF, FW 10 1 0
0%
212 Philippe Mexès DF 25 1 1
0%
411 Piotr Zieliński MF 9 0 1
0%
47 Radja Nainggolan MF 34 2 2
0%
577 Rafał Wolski MF, FW 1 0 0
0%
428 Raffaele Palladino MF, FW 8 1 1
0%
303 Reginaldo FW 19 3 1
0%
474 Renan Garcia MF 5 0 1
0%
265 Rene Krhin MF, FW 21 0 0
0%
461 Ribair Rodríguez MF 6 0 0
0%
257 Riccardo Cazzola MF 22 0 1
0%
105 Riccardo Meggiorini FW 31 3 2
0%
84 Riccardo Montolivo MF 32 4 2
0%
475 Rinaldo Cruzado MF 5 1 1
0%
462 Robert Acquafresca FW 6 0 0
0%
242 Roberto Guana MF 23 0 2
0%
536 Roberto Vitiello DF 2 0 0
0%
243 Robinho MF, FW 23 2 5
0%
537 Rodney Strasser MF 2 0 0
0%
494 Rodrigo Taddei DF, FW 4 0 0
0%
463 Roger Carvalho DF 6 0 0
0%
443 Rolando DF 7 0 0
0%
85 Rolando Bianchi FW 32 11 2
0%
286 Rômulo DF, MF, FW 20 2 2
0%
412 Rubén Olivera MF 9 0 0
0%
579 Rubinho GK 1 0 0
0%
476 Said Ahmed Said FW 5 1 1
0%
429 Salvador Agra MF, FW 8 0 2
0%
227 Salvatore Masiello DF, MF 24 0 1
0%
86 Santiago García DF 32 1 0
0%
430 Sebastian Eriksson DF, MF 8 0 0
0%
122 Sergio Almirón MF 30 4 0
0%
258 Sergio Floccari FW 22 5 1
0%
580 Sergiu Suciu MF 1 0 0
0%
323 Shkodran Mustafi DF 17 0 0
0%
495 Simone Pasa DF, MF 4 0 0
0%
331 Simone Perrotta MF 16 2 0
0%
496 Simone Verdi MF, FW 4 0 0
0%
123 Simone Vergassola MF 30 2 2
0%
444 Simon Poulsen DF 7 0 0
0%
354 Sotiris Ninis MF, FW 14 0 2
0%
372 Souleymane Doukara MF, FW 12 0 0
0%
582 Stefano Beltrame MF, FW 1 0 0
0%
513 Stefano Morrone MF 3 0 0
0%
31 Steve von Bergen DF 35 1 0
0%
139 Thiago Ribeiro FW 29 2 1
0%
324 Thomas Heurtaux DF 17 0 0
0%
140 Thomas Manfredini DF 29 0 1
0%
288 Tiberio Guarente MF 20 2 0
0%
332 Tommaso Rocchi MF, FW 16 3 0
0%
373 Urby Emanuelson DF, MF, FW 12 1 3
0%
289 Uroš Ćosić DF 20 0 0
0%
413 Valerio Di Cesare DF 9 0 0
0%
431 Valerio Verre MF, FW 8 0 0
0%
583 Victor da Silva MF 1 0 0
0%
478 Vlada Avramov GK 5 0 0
0%
479 Wesley Sneijder MF 5 1 1
0%
480 Willians MF 5 0 0
0%
432 Zé Eduardo FW 8 1 0
0%
108 Željko Brkić GK 31 0 0
0%
No matching quizzes found
Score Distribution
Percent of People with Each Score
Percentile by Number Answered
Your Score History
You have not taken this quiz